Major English Airports - Statistics

General Stats
  • This quiz has been taken 16 times
  • The average score is 10 of 14
Answer Stats
Hint Answer % Correct
LHR London Heathrow Airport
100%
LGW London Gatwick Airport
93%
LTN London Luton Airport
93%
LPL Liverpool Airport
87%
STN London Stansted Airport
87%
MAN Manchester Airport
87%
NCL Newcastle Airport
80%
BHX Birmingham Airport
73%
BRS Bristol Airport
73%
SOU Southampton Airport
67%
LCY London City Airport
60%
NWI Norwich Airport
27%
SEN Southend Airport
27%
EMA East Midlands and Nottingham Airport
0%
No matching quizzes found
Score Distribution
Percent of People with Each Score
Percentile by Number Answered
Your Score History
You have not taken this quiz